महात्मा फुले : व्यक्तित्व आणि विचार (Record no. 98476)

MARC details
000 -LEADER
fixed length control field 00804nam a2200181Ia 4500
008 - FIXED-LENGTH DATA ELEMENTS--GENERAL INFORMATION
fixed length control field 090124s9999 xx 000 0 und d
082 ## - DEWEY DECIMAL CLASSIFICATION NUMBER
Item number 14074
100 ## - MAIN ENTRY--PERSONAL NAME
Personal name सरदार गंगाधर बाळकृष्ण
245 ## - TITLE STATEMENT
Title महात्मा फुले : व्यक्तित्व आणि विचार
250 ## - EDITION STATEMENT
Edition statement 1
260 ## - PUBLICATION, DISTRIBUTION, ETC. (IMPRINT)
Name of publisher, distributor, etc दिनकर गांगल
Date of publication, distribution, etc 1981
300 ## - PHYSICAL DESCRIPTION
Extent 227
600 ## - SUBJECT ADDED ENTRY--PERSONAL NAME
Personal name सरदार गंगाधर बाळकृष्ण
630 ## - SUBJECT ADDED ENTRY--UNIFORM TITLE
Uniform title महात्मा फुले : व्यक्तित्व आणि विचार
700 ## - ADDED ENTRY--PERSONAL NAME
Personal name सरदार गंगाधर बाळकृष्ण
730 ## - ADDED ENTRY--UNIFORM TITLE
Uniform title महात्मा फुले : व्यक्तित्व आणि विचार
942 ## - ADDED ENTRY ELEMENTS (KOHA)
Koha item type Book
Holdings
Withdrawn status Lost status Damaged status Not for loan Home library Current library Date acquired Cost, normal purchase price Total Checkouts Full call number Barcode Date last seen Cost, replacement price Price effective from Koha item type
        Nagar Wachan Mandir, Thane Nagar Wachan Mandir, Thane   7.00   14074 THNNWM-14074 01/24/2009 7.00 01/24/2009 Book